00546 a2200169 450000100060000002000190000604000370002510000270006224000590008924500540014830000080020236200090021065000340021994200070025395200990026099900170035974380 a978849778552-5 cAnchieta - Colégio São Paulo aFouces, Óscar Díaz10aDiccionario Bilingue para estudantes Brasileñoslpor10aDiccionario Bilingue para estudantes Brasileños a5950 a2011 4aObras enciclopédicas gerais cBK 00104070a88.1b88.1d2023-11-22l0o030 F762p4987/CSPr2023-11-22 14:31:16w2023-11-22yBK c74380d74380